| 000 | 00472 a2200169 4500 | ||
|---|---|---|---|
| 003 | OSt | ||
| 005 | 20231106140925.0 | ||
| 008 | 231106b |||||||| |||| 00| 0 eng d | ||
| 020 | _a9789384355449 | ||
| 040 | _coclc | ||
| 082 |
_aKUN/C _b954.83 |
||
| 100 |
_aKunhimoosa, K P _91999 |
||
| 245 |
_aC H Falithangal / _cK P Kunhimoosa |
||
| 260 |
_aKerala: _bVachanam Books, _c2018. |
||
| 300 | _a63 p | ||
| 942 |
_2ddc _cBK _h954.83 _iKUN/C _k954.83 _mKUN/C |
||
| 999 |
_c42820 _d42820 |
||